000 01004nam a2200229Ia 4500
001 15741
005 20260417140639.0
008 260306t2013||||xx |||||||||||||| ||und||
041 _aESP
082 _a604.2
_bG343A
100 _aGiesecke, Frederick E.
_eAUT
245 0 _aDibujo técnico con gráficas de ingeniería
260 _c2013
300 _axx, 584 páginas :
_c27 cm.
650 _aGEN
654 _aCAU
856 _uhttps://itmsp.museknowledge.com/UCSP?url=https://www.ebooks7-24.com:443/?il=3274&pg=1
_zVersión digital (2012)
856 _uhttps://0u213ww31-y-https-ebooks7--24-com.itmsp.museknowledge.com/biblioteca.aspx
_zVéase además: Base de datos Ebook7-24
856 _uhttps://0u21dww61-y-https-ebooks-editorialmacro-com.itmsp.museknowledge.com/library
_zVéase además: Base de datos Macro Digital
856 _uhttps://0u206ww69-y-https-ieeexplore-ieee-org.itmsp.museknowledge.com/Xplore/home.jsp
_zVéase además: Base de datos IEEE Xplore
942 _cLIB
_dJUS
_fJUS
_2ddc
999 _c15741
_d15741